000 00298nam a22001337a 4500
008 181024b xxu||||| |||| 00| 0 eng d
020 _a9781307085990
041 _aeng
080 _23rd
_a159.9
100 _a48
101 _aPSI
245 _aExperience Psychology
_cKing,L.A
942 _2udc
_cBK
999 _c50806
_d50806